El procedimiento disciplinario de los servidores públicos (Registro nro. 67797)

Detalles MARC
000 -ENCABEZADO
Número de control [NR] 00914nam a22002417a 4500
008 - DE LONGITUD FIJA DE DATOS DE ELEMENTOS - INFORMACIÓN GENERAL
Elementos de longitud fija [NR] 130821s2006 ck gr spa
020 ## - NUMERO INTERNACIONAL NORMALIZADO PARA LIBROS [R]
Número Internacional Normalizado del libro [NR] 9587110277
040 ## - FUENTE DE CATALOGACION [NR]
Agencia de catalogación original [NR] Co-BoUCM
Idioma de catalogación [NR] spa
041 00 - CODIGO DE IDIOMA [R]
Código de idioma para texto/pista de sonido o título separado [R] Español
100 1# - ASIENTO PRINCIPAL--NOMBRE PERSONAL [NR]
Nombre personal [NR] Brito Ruíz, Fernando
245 13 - MENCION DE TITULO [NR]
Título [NR] El procedimiento disciplinario de los servidores públicos
Mención de responsabilidad, etc. [NR] Fernando Brito Ruiz
260 ## - PUBLICACION, DISTRIBUCION, ETC. (PIE DE IMPRENTA) [R]
Lugar de publicación, distribución, etc. [R] Bogotá (Colombia)
Nombre del editor, distribuidor, etc. [R] Leyer Editorial
Fecha de publicación, distribución, etc. [R] 2006
300 ## - DESCRIPCION FISICA [R]
Extensión [R] 153 páginas
Material acompañante [NR] 1 CD-ROM
500 ## - NOTA GENERAL [R]
Nota general [NR] CD-ROM contiene información complementaria.
650 04 - ASIENTO SECUNDARIO DE MATERIA - TERMINO TEMATICO [R]
Término temático o nombre geográfico como elemento de entrada [NR] Delitos de los funcionarios
Subdivisión geográfica [R] Colombia
9 (RLIN) 12591
650 04 - ASIENTO SECUNDARIO DE MATERIA - TERMINO TEMATICO [R]
Término temático o nombre geográfico como elemento de entrada [NR] Derecho administrativo
9 (RLIN) 12695
650 04 - ASIENTO SECUNDARIO DE MATERIA - TERMINO TEMATICO [R]
Término temático o nombre geográfico como elemento de entrada [NR] Derecho administrativo
Subdivisión geográfica [R] Colombia
9 (RLIN) 12695
650 04 - ASIENTO SECUNDARIO DE MATERIA - TERMINO TEMATICO [R]
Término temático o nombre geográfico como elemento de entrada [NR] Funcionarios públicos
Subdivisión geográfica [R] Colombia
9 (RLIN) 7643
650 04 - ASIENTO SECUNDARIO DE MATERIA - TERMINO TEMATICO [R]
Término temático o nombre geográfico como elemento de entrada [NR] Procedimiento administrativo
Subdivisión geográfica [R] Colombia
9 (RLIN) 22330
650 04 - ASIENTO SECUNDARIO DE MATERIA - TERMINO TEMATICO [R]
Término temático o nombre geográfico como elemento de entrada [NR] Proceso disciplinario
Subdivisión geográfica [R] Colombia
9 (RLIN) 22381
942 ## - ELEMENTOS DE ENTRADA AGREGADOS (KOHA)
Tipo de ítem principal el descrito en 300a Libro
Tema principal Derecho
Edición 1
Parte restante de la signatura top. B862p
Sistema de clasificación DEWEY
Clasificación 342.0684
Existencias
Fecha de último préstamo Total préstamos Signatura topográfica Código de barras Última vez visto Volúmen / Fascículo Ejemplar Price effective from Tipo de ítem Perdido Sistema de clasificación Dañado No prestable Tipo de ítem específico Suprimido Ubicación habitual Ubicación actual Localización Fecha de creación Forma de adquisición Costo Total Renewals
10/12/2012   342.0684 B862p 100129360 10/12/2024 CD-ROM Ej.2 03/02/2013 Multimedia   DEWEY     CD-Rom   Claustro Claustro Colección digital 19/02/2013 Compra 20000.00  
09/02/2019 2 342.0684 B862p 100129359 05/12/2025   Ej.2 03/02/2013 Libro   DEWEY     Libro   Claustro Claustro 3er piso 28/02/2013 Compra 20000.00 4
06/10/2010   342.0684 B862p 100109011 10/12/2024 CD-ROM Ej.1 03/02/2013 Multimedia   DEWEY     CD-Rom   Claustro Claustro Colección digital 28/02/2010 Compra 19500.00  
05/06/2019 15 342.0684 B862p 100109010 12/06/2026   Ej.1 03/02/2013 Libro   DEWEY     Libro   Claustro Claustro 3er piso 28/02/2010 Compra 19500.00 9